|
|
|
|
| LEADER |
00903nam#a2200301#a#4500 |
| 001 |
002916 |
| 005 |
20160721142623.0 |
| 008 |
960729q1983####xxu#################eng#d |
| 020 |
|
|
|a 0821302337
|
| 040 |
|
|
|a AR-beUNQ
|
| 099 |
|
|
|a 05-S34
|
| 245 |
0 |
4 |
|a The japanese and korean experiences in managing development
|c Miyohei Shinohara ... [et al.]
|
| 260 |
|
|
|a Washington :
|b Banco Mundial,
|c [1983]
|
| 300 |
|
|
|a ix,81 p. :
|b tablas
|
| 490 |
0 |
|
|a World bank staff working papers ;
|v v. 574
|
| 650 |
|
7 |
|a ESTUDIOS DE CASOS
|2 Spines
|
| 650 |
|
7 |
|a SECTOR INDUSTRIAL
|2 Spines
|
| 650 |
|
7 |
|a POLITICA ECONOMICA
|2 Spines
|
| 650 |
|
7 |
|a GESTION
|2 Spines
|
| 650 |
|
7 |
|a POLITICA COMERCIAL
|2 toit
|
| 651 |
|
7 |
|a JAPON
|2 Spines
|
| 700 |
1 |
|
|a Shinohara, Miyohei
|
| 700 |
1 |
|
|a Yanagihara, Toru
|
| 700 |
1 |
|
|a Kim, Kwang Suk
|
| 700 |
1 |
|
|a Agarwala, Ramgopal
|e ed
|4 edt
|
| 929 |
|
|
|j 17232
|
| 942 |
|
|
|c LIB
|n 0
|
| 999 |
|
|
|c 5692
|d 81079
|